000 00702nam a22002177a 4500
005 20260408153002.0
010 _aENG-148202-203
020 _c7250.00
_a9788119403882
035 _aEN-131734-735
037 _bDBAD
082 _a347.4206
_228
100 _aRatanlal & Dhirajlal
_976551
245 0 0 _aThe Bharatiya Sakshya Adhiniyam, 2023/
_cby Ratanlal [and] Dhirajlal
250 _a28
260 _aGurgaon
_bLexis Nexis
_c2026
270 _a14th Floor, Bldg. No.10, Tower-B, DLF Cyber City, Phase-II
_bGurgaon
_e122002
300 _adcxci2260p.
_c24cm(Hb)
490 _v1,2
500 _aVol 1 Sections 1 to 50 Vol 2 Sections 51 to 170
942 _2ddc
_cEN
_h347.4206
_mRAR
999 _c215827
_d215827